000 00635nam a2200241Ia 4500
003 OSt
005 20221005131750.0
006 a|||||r|||| 00| 0
007 ta
008 221004b |||||||| |||| 00| 0 tam d
024 _a46735
037 _cTextual
040 _aCRL
_cCRL
_btam
041 _2tam
_atam
082 _aL:5, 31J9
100 _aSeshadrinathan N. Au.
_9640043
245 0 _aSugadaramum sugavazhvum
260 _c1959
650 _aMEDICINE
700 _a Sambamoorthy R. Au.
_9640044
942 _hL:5, 31J9
_cTEXL
_2cc
999 _c1061327
_d1061327